000 00689nam a2200289Ia 4500
005 20260324121737.0
008 008 260324s9999 xx 000 0 eng d
020 _a9780203073759
037 _aEBOOK
040 _aCRL
040 _beng
040 _cCRL
041 _2eng
041 _aeng
084 _qCRL
100 _aGiuliana Minghelli
_91163704
245 0 _aLandscape and Memory in Post-Fascist Italian Film
245 0 _bCinema Year Zero
260 _bTaylor and Francis
260 _c2013
365 _a
365 _b255
856 _uhttp://www.taylorfrancis.com/books/9780203073759
942 _cEBOOK
999 _c1755997
_d1755997